000 00852nam a2200241 a 4500
005 20231108063746.0
008 160819s2014 es r 000 0 spa d
020 _a9788427720350
035 _aUPN01000212463
049 _aCG
050 4 _aLB2806.15
_bC8.8
245 0 0 _aCurrículum XXI :
_blo esencial de la educación para un mundo en cambio /
_ced. Heidi Hayes Jacobs ; colab. Frank W. Baker ... [et al. ] ; tr. Pablo Manzano Bernárdez.
260 _aMadrid :
_bNarcea,
_c2014.
300 _a190 p.
440 0 _aEducación hoy.
_pEstudios
534 _pTitulo original:
_tCurriculum 21 : essential education for a changing world
650 2 _aPlanificación curricular
_95734
650 4 _aTecnología educativa
_94978
700 1 _aJacobs, Heidi Hayes,
_eed.
700 1 _aBaker, Frank W.,
_ecolab.
905 _aLibro
999 _c184563
_d184563